| 000 | 00456nam a2200181Ia 4500 | ||
|---|---|---|---|
| 005 | 20240823011225.0 | ||
| 008 | 240823s9999||||xx |||||||||||||| ||und|| | ||
| 041 | _aENGLISH | ||
| 082 | _A005.1 P1 | ||
| 100 | _a"Humphrey,Watts S" | ||
| 245 | 2 | _aA Discipline for Software Engineering | |
| 250 | _a1st | ||
| 260 |
_c2001 _b"Pearson,Singapore" |
||
| 500 | _aTRANSFERED | ||
| 650 |
_aComputer Science _bComputer Science |
||
| 942 | _cBK | ||
| 999 |
_c160913 _d160913 |
||